<?xml version="1.0" encoding="UTF-8"?>
<record
    xmlns:xsi="http://www.w3.org/2001/XMLSchema-instance"
    xsi:schemaLocation="http://www.loc.gov/MARC21/slim http://www.loc.gov/standards/marcxml/schema/MARC21slim.xsd"
    xmlns="http://www.loc.gov/MARC21/slim">

  <leader>01529nam0a2200349   4500</leader>
  <controlfield tag="001">RU\NLR\bibl\1799817</controlfield>
  <controlfield tag="005">20260406164027.0</controlfield>
  <datafield tag="010" ind1=" " ind2=" ">
    <subfield code="a">978-5-17-043478-7</subfield>
    <subfield code="b">&#x410;&#x421;&#x422;</subfield>
  </datafield>
  <datafield tag="010" ind1=" " ind2=" ">
    <subfield code="a">978-5-9713-4830-6</subfield>
    <subfield code="b">&#x410;&#x421;&#x422; &#x41C;&#x41E;&#x421;&#x41A;&#x412;&#x410;</subfield>
    <subfield code="9">7000</subfield>
  </datafield>
  <datafield tag="035" ind1=" " ind2=" ">
    <subfield code="a">(NLR Aleph) 001790489</subfield>
  </datafield>
  <datafield tag="090" ind1=" " ind2=" ">
    <subfield code="a">1754211</subfield>
    <subfield code="c">1754211</subfield>
  </datafield>
  <datafield tag="100" ind1=" " ind2=" ">
    <subfield code="a">20110818d2011    |||y0rusy50      ca</subfield>
  </datafield>
  <datafield tag="101" ind1="0" ind2=" ">
    <subfield code="a">rus</subfield>
  </datafield>
  <datafield tag="102" ind1=" " ind2=" ">
    <subfield code="a">RU</subfield>
  </datafield>
  <datafield tag="105" ind1=" " ind2=" ">
    <subfield code="a">y   |||||||||</subfield>
  </datafield>
  <datafield tag="200" ind1="1" ind2=" ">
    <subfield code="a">&#x410;&#x43B;&#x435;&#x43A;&#x441;&#x430;&#x43D;&#x434;&#x440; II. &#x414;&#x435;&#x43D;&#x44C; &#x43F;&#x43E;&#x441;&#x43B;&#x435;&#x434;&#x43D;&#x438;&#x439;</subfield>
    <subfield code="e">&#x438;&#x437; &#x43A;&#x43D;&#x438;&#x433;&#x438; "&#x410;&#x43B;&#x435;&#x43A;&#x441;&#x430;&#x43D;&#x434;&#x440; II: &#x436;&#x438;&#x437;&#x43D;&#x44C; &#x438; &#x441;&#x43C;&#x435;&#x440;&#x442;&#x44C;"</subfield>
    <subfield code="f">&#x42D;&#x434;&#x432;&#x430;&#x440;&#x434; &#x420;&#x430;&#x434;&#x437;&#x438;&#x43D;&#x441;&#x43A;&#x438;&#x439;</subfield>
  </datafield>
  <datafield tag="210" ind1=" " ind2=" ">
    <subfield code="a">&#x41C;&#x43E;&#x441;&#x43A;&#x432;&#x430;</subfield>
    <subfield code="c">&#x410;&#x421;&#x422;</subfield>
    <subfield code="c">&#x410;&#x421;&#x422;-&#x41C;&#x41E;&#x421;&#x41A;&#x412;&#x410;</subfield>
    <subfield code="d">[2011] (&#x43C;&#x430;&#x43A;&#x435;&#x442; 2007)</subfield>
  </datafield>
  <datafield tag="215" ind1=" " ind2=" ">
    <subfield code="a">239 &#x441;.</subfield>
    <subfield code="d">17</subfield>
  </datafield>
  <datafield tag="488" ind1=" " ind2="0">
    <subfield code="1">2001#$a&#x410;&#x43B;&#x435;&#x43A;&#x441;&#x430;&#x43D;&#x434;&#x440; II: &#x436;&#x438;&#x437;&#x43D;&#x44C; &#x438; &#x441;&#x43C;&#x435;&#x440;&#x442;&#x44C;</subfield>
    <subfield code="t">&#x410;&#x43B;&#x435;&#x43A;&#x441;&#x430;&#x43D;&#x434;&#x440; II: &#x436;&#x438;&#x437;&#x43D;&#x44C; &#x438; &#x441;&#x43C;&#x435;&#x440;&#x442;&#x44C;</subfield>
  </datafield>
  <datafield tag="517" ind1="0" ind2=" ">
    <subfield code="a">&#x414;&#x435;&#x43D;&#x44C; &#x43F;&#x43E;&#x441;&#x43B;&#x435;&#x434;&#x43D;&#x438;&#x439;</subfield>
  </datafield>
  <datafield tag="600" ind1=" " ind2="0">
    <subfield code="a">&#x410;&#x43B;&#x435;&#x43A;&#x441;&#x430;&#x43D;&#x434;&#x440;</subfield>
    <subfield code="c">&#x438;&#x43C;&#x43F;&#x435;&#x440;&#x430;&#x442;&#x43E;&#x440; &#x440;&#x43E;&#x441;&#x441;&#x438;&#x439;&#x441;&#x43A;&#x438;&#x439;</subfield>
    <subfield code="d">II</subfield>
    <subfield code="f">1818 - 1881</subfield>
    <subfield code="x">&#x432; &#x445;&#x443;&#x434;&#x43E;&#x436;&#x435;&#x441;&#x442;&#x432;&#x435;&#x43D;&#x43D;&#x43E;&#x439; &#x43B;&#x438;&#x442;&#x435;&#x440;&#x430;&#x442;&#x443;&#x440;&#x435;</subfield>
    <subfield code="9">923635</subfield>
    <subfield code="3">RU\NLR\AUTH\6620184</subfield>
  </datafield>
  <datafield tag="686" ind1=" " ind2=" ">
    <subfield code="a">&#x428;6(2=&#x420;)75-442</subfield>
  </datafield>
  <datafield tag="700" ind1=" " ind2="1">
    <subfield code="4">070</subfield>
    <subfield code="7">ca</subfield>
    <subfield code="8">rus</subfield>
    <subfield code="a">&#x420;&#x430;&#x434;&#x437;&#x438;&#x43D;&#x441;&#x43A;&#x438;&#x439;</subfield>
    <subfield code="b">&#x42D;. &#x421;.</subfield>
    <subfield code="f">1936-</subfield>
    <subfield code="g">&#x42D;&#x434;&#x432;&#x430;&#x440;&#x434; &#x421;&#x442;&#x430;&#x43D;&#x438;&#x441;&#x43B;&#x430;&#x432;&#x43E;&#x432;&#x438;&#x447;</subfield>
    <subfield code="3">RU\NLR\auth\773667</subfield>
    <subfield code="9">113660</subfield>
  </datafield>
  <datafield tag="702" ind1=" " ind2="0">
    <subfield code="4">570</subfield>
    <subfield code="8">rus</subfield>
    <subfield code="7">ca</subfield>
    <subfield code="a">&#x410;&#x43B;&#x435;&#x43A;&#x441;&#x430;&#x43D;&#x434;&#x440;</subfield>
    <subfield code="c">&#x438;&#x43C;&#x43F;&#x435;&#x440;&#x430;&#x442;&#x43E;&#x440; &#x440;&#x43E;&#x441;&#x441;&#x438;&#x439;&#x441;&#x43A;&#x438;&#x439;</subfield>
    <subfield code="d">II</subfield>
    <subfield code="f">1818-1881</subfield>
    <subfield code="3">RU\NLR\AUTH\7710521</subfield>
    <subfield code="9">120289</subfield>
  </datafield>
  <datafield tag="801" ind1=" " ind2="0">
    <subfield code="a">RU</subfield>
    <subfield code="b">NLR</subfield>
    <subfield code="c">20110818</subfield>
    <subfield code="g">RCR</subfield>
  </datafield>
  <datafield tag="801" ind1=" " ind2="1">
    <subfield code="a">RU</subfield>
    <subfield code="b">NLR</subfield>
    <subfield code="c">20110818</subfield>
  </datafield>
  <datafield tag="942" ind1=" " ind2=" ">
    <subfield code="c">BOOK</subfield>
  </datafield>
  <datafield tag="980" ind1=" " ind2=" ">
    <subfield code="a">NB</subfield>
  </datafield>
  <datafield tag="980" ind1=" " ind2=" ">
    <subfield code="a">NBR</subfield>
  </datafield>
  <datafield tag="995" ind1=" " ind2=" ">
    <subfield code="5">2011-08-18</subfield>
    <subfield code="a">ah</subfield>
    <subfield code="b">NLR01</subfield>
    <subfield code="c">NLR01</subfield>
    <subfield code="e">RF8</subfield>
    <subfield code="f">1-869336</subfield>
    <subfield code="k">2011-2/3305</subfield>
    <subfield code="o">0</subfield>
    <subfield code="p">177.30</subfield>
    <subfield code="r">BOOK</subfield>
    <subfield code="s">201123305_</subfield>
  </datafield>
  <datafield tag="995" ind1=" " ind2=" ">
    <subfield code="5">2011-10-07</subfield>
    <subfield code="a">ah</subfield>
    <subfield code="b">NLR01</subfield>
    <subfield code="c">NLR01</subfield>
    <subfield code="e">RF8</subfield>
    <subfield code="f">3503962</subfield>
    <subfield code="k">2011-2/3305</subfield>
    <subfield code="o">0</subfield>
    <subfield code="r">BOOK</subfield>
    <subfield code="s">201123305_</subfield>
  </datafield>
</record>
